Les méchants de Disney, (facile? tu dis) - Statistiques

Statistiques générales
  • Ce quiz a été pris 6 689 fois
    6 681 depuis la dernière actualisation
  • Le résultat moyen est 7 sur 16
Statistiques - réponses
Astuce Réponse % Correct
Elle donna un "rouet" en cadeau pour ses 16 ans Malefique
91%
Il fait un pacte avec les "hyènes" et tue son frère Scar
79%
Il a peur d'un crocodile qui fait "Tic-Tac" Capitaine Crochet
75%
La "Belle" ne voulait pas de lui Gaston
67%
Elle donne des jambes en échange de leur "voix" Ursula
67%
"Meg" est sa prisonnière Hadès
55%
Il trouva un "Diamant d'innocence" Jafar
51%
Elle retrouve la jeunesse grâce à la "Fleur aux pétales d'or" Mère Gothel
44%
Je ne pense pas qu'avec lui "l'amour est un cadeau" Hans
41%
Ce prince volait aux pauvres avec son ami le sherif Prince Jean
37%
Elle fit une potion de "Lama" Yzma
28%
Il se fait battre par une jeune "chinoise" Shan yu
27%
Il voulait tuer le "petit homme" Sher khan
26%
Il part à la chasse aux "Gorilles" Clayton
17%
Il accosta dans le pays d'une "légende indienne" Ratcliffe
14%
"Hiro et Baymax" l'ont battu Professeur Callaghan
3%
Aucun quiz correspondant
Distribution des résultats
% des personnes avec chaque résultat
Percentile par nombre de réponses
Votre historique - résultats
Vous n’avez pas pris ce quiz depuis la dernière actualisation